[Event "Moscow Open A 2015"]
[Site "Moscow RUS"]
[Date "2015.02.08"]
[Round "9.13"]
[White "Makhmutov, Rail"]
[Black "Rozum, Ivan"]
[Result "1/2-1/2"]
[WhiteTitle "FM"]
[BlackTitle "GM"]
[WhiteElo "2428"]
[BlackElo "2554"]
[WhiteFideId "4122151"]
[BlackFideId "24104272"]
[EventDate "2015.01.31"]

1. d4 Nf6 2. c4 e6 3. Nc3 Bb4 4. e3 O-O 5. Ne2 c6 6. a3 Ba5 7. b4 Bc7 8. Ng3 d5
9. Bb2 Nbd7 10. cxd5 exd5 11. Bd3 Re8 12. O-O Nf8 13. Re1 Ng4 14. Nf1 Qh4 15. g3
Qh3 16. e4 Ng6 17. e5 Bd7 18. Na4 f6 19. Nc5 Nh6 20. Nxd7 Qxd7 21. exf6 gxf6 22.
Qh5 Qg7 23. Rxe8+ Rxe8 24. Ne3 Rf8 25. Kh1 Ne7 26. Bc1 Nf7 27. b5 Kh8 28. bxc6
bxc6 29. Rb1 Bb6 30. Nc2 Ng5 31. Be3 Ne6 32. Re1 Qf7 33. Qxf7 Rxf7 34. Kg2 Kg8
35. f3 f5 36. Bf2 Rf6 37. Ba6 Kf7 38. Rd1 Rg6 39. Kf1 Nc7 40. Bd3 Ne6 41. Ba6
Nc7 42. Bd3 Ne6 1/2-1/2

[Event "Moscow Open A 2015"]
[Site "Moscow RUS"]
[Date "2015.02.08"]
[Round "9.14"]
[White "Megaranto, Susanto"]
[Black "Kopylov, Alexander A."]
[Result "1-0"]
[WhiteTitle "GM"]
[BlackTitle "IM"]
[WhiteElo "2548"]
[BlackElo "2420"]
[WhiteFideId "7101384"]
[BlackFideId "4164857"]
[EventDate "2015.01.31"]

1. d4 d5 2. Bg5 g6 3. e3 Bg7 4. Nf3 Nf6 5. c3 O-O 6. Nbd2 Nbd7 7. Be2 c5 8. a4
Re8 9. O-O e5 10. Bb5 cxd4 11. cxd4 exd4 12. Nxd4 a6 13. Bxd7 Qxd7 14. Qb3 h6
15. Bh4 Nh5 16. N2f3 Qd6 17. Rfc1 Rb8 18. Rc2 Bg4 19. Bg3 Nxg3 20. hxg3 Re7 21.
Rac1 Rd8 22. Rd2 Red7 23. Nh2 Be6 24. Rcd1 Kh7 25. Nhf3 Bg4 26. Ne2 Qe6 27. Rc1
Qe4 28. Nfd4 Bxe2 29. Nxe2 Kg8 30. Rcd1 h5 31. Nc3 Bxc3 32. bxc3 Rc8 33. Rd4 Qe5
34. e4 Qc7 35. R1d3 Re8 36. exd5 Re1+ 37. Kh2 Qe5 38. Rd1 Re2 39. R4d2 h4 40.
Rxe2 hxg3+ 41. fxg3 Qxe2 42. c4 Rd6 43. Qd3 Qf2 44. Qd4 Qxd4 45. Rxd4 Kg7 46.
Re4 Kf6 47. g4 Rb6 48. Kg3 Rb4 49. a5 Ra4 50. d6 Ra3+ 51. Kf2 Rd3 52. c5 Rd5 53.
Re8 Kg5 54. Kf3 f5 55. gxf5 gxf5 56. Rf8 Rd3+ 57. Ke2 Rd4 58. Ke3 Rd5 59. g3 Rd1
60. Rb8 Rd5 61. Rxb7 Rxc5 62. Kd4 Rc1 63. d7 Rd1+ 64. Ke5 Rd2 65. Ke6 Re2+ 66.
Kd6 Rd2+ 67. Kc7 Rc2+ 68. Kb8 Rd2 69. Kc8 1-0

[Event "Moscow Open A 2015"]
[Site "Moscow RUS"]
[Date "2015.02.08"]
[Round "9.15"]
[White "Sychev, Klementy"]
[Black "Pridorozhni, Aleksei"]
[Result "1/2-1/2"]
[WhiteTitle "IM"]
[BlackTitle "GM"]
[WhiteElo "2414"]
[BlackElo "2545"]
[WhiteFideId "4114060"]
[BlackFideId "4127870"]
[EventDate "2015.01.31"]

1. d4 e6 2. c4 f5 3. g3 Nf6 4. Bg2 c6 5. Nf3 d5 6. O-O Bd6 7. Nc3 O-O 8. Qc2 Ne4
9. Rb1 Qe7 10. b4 b6 11. b5 Bb7 12. Nxe4 fxe4 13. Ng5 cxb5 14. cxb5 Nd7 15. Nh3
Rfc8 16. Qd1 a6 17. a4 Rc4 18. Bg5 Qe8 19. Bf4 Be7 20. Be3 Bf6 21. Nf4 axb5 22.
axb5 Nf8 23. f3 exf3 24. Bxf3 Ra5 25. Nh5 Be7 26. Bg4 Bc8 27. Qd2 Raa4 28. Kh1
Qg6 29. Bf3 Bd7 30. Nf4 Qe8 31. Bh5 g6 32. Bg4 Bb4 33. Rxb4 Rcxb4 34. Nd3 Rxd4
35. Bh6 Rxg4 36. Rxf8+ Qxf8 37. Bxf8 Kxf8 38. Ne5 Bxb5 39. Nxg4 Rxg4 40. Qb2 Be8
41. Qxb6 Re4 42. e3 h5 43. Kg1 Kg7 44. Kf2 Bf7 45. Qc7 g5 46. Qe7 Re5 47. h4
Rf5+ 48. Ke2 g4 49. Kd3 e5 50. Kc3 d4+ 51. exd4 Rf3+ 52. Kd2 exd4 53. Qe5+ Kg8
54. Qg5+ Kh7 55. Qe7 d3 56. Kc3 Kg7 57. Kd2 Kh8 58. Qd8+ Kh7 59. Qe7 Kg8 60.
Qd8+ Kg7 61. Qe7 1/2-1/2

[Event "Moscow Open A 2015"]
[Site "Moscow RUS"]
[Date "2015.02.08"]
[Round "9.16"]
[White "Xiu, Deshun"]
[Black "Palachev, Petr"]
[Result "1/2-1/2"]
[WhiteTitle "GM"]
[BlackTitle "FM"]
[WhiteElo "2543"]
[BlackElo "2300"]
[WhiteFideId "8603693"]
[BlackFideId "24129003"]
[EventDate "2015.01.31"]

1. c4 e6 2. d4 Nf6 3. Nf3 d5 4. Nc3 Bb4 5. Qa4+ Nc6 6. Bg5 O-O 7. e3 h6 8. Bxf6
Qxf6 9. Be2 Bd7 10. Qb3 dxc4 11. Qxc4 a6 12. O-O Bd6 13. Ne4 Qf5 14. Bd3 Qh5 15.
a3 Rfc8 16. Ng3 Bxg3 17. fxg3 Nd8 18. e4 Bb5 19. Qb3 Bxd3 20. Qxd3 Nc6 21. Rac1
Rd8 22. Qe3 Qb5 23. b4 a5 24. Rc5 Qb6 25. Qf2 axb4 26. d5 exd5 27. exd5 Ra5 28.
Rxa5 Qxf2+ 29. Kxf2 Nxa5 30. axb4 Nc4 31. Rc1 b5 32. Nd4 Rxd5 33. Nxb5 Rxb5 34.
Rxc4 Kf8 35. Rxc7 Rxb4 36. h3 g6 37. g4 Kg7 38. Rc6 1/2-1/2

[Event "Moscow Open A 2015"]
[Site "Moscow RUS"]
[Date "2015.02.08"]
[Round "9.17"]
[White "Yandemirov, Valeri"]
[Black "Iljushin, Alexei"]
[Result "1/2-1/2"]
[WhiteTitle "GM"]
[BlackTitle "GM"]
[WhiteElo "2365"]
[BlackElo "2515"]
[WhiteFideId "4102622"]
[BlackFideId "4122178"]
[EventDate "2015.01.31"]

1. e4 c6 2. d4 d5 3. exd5 cxd5 4. c3 Nf6 5. Nf3 g6 6. Bf4 Bg7 7. Be2 Nc6 8. h3
O-O 9. O-O Bf5 10. Nbd2 Ne4 11. Re1 Rc8 12. Bf1 Re8 13. Nxe4 Bxe4 14. Ne5 a6 15.
Nxc6 Rxc6 16. g4 Qb6 17. Qd2 h6 18. Re3 g5 19. Bg3 e6 20. f3 Bg6 21. Rae1 Rf8
22. Bd3 Bxd3 23. Rxd3 Qd8 24. f4 b5 25. a3 Qf6 26. Rf3 gxf4 27. Bxf4 Qg6 28. Kh2
a5 29. g5 h5 30. Be5 b4 31. Rf6 Qh7 32. Rg1 Qe4 33. Re1 bxc3 34. bxc3 Qh7 35.
Rg1 Qe4 36. Re1 Qh7 37. Rg1 Qe4 38. Re1 Qh7 1/2-1/2

[Event "Moscow Open A 2015"]
[Site "Moscow RUS"]
[Date "2015.02.08"]
[Round "9.18"]
[White "Sjugirov, Sanan"]
[Black "Krapivin, Alexander"]
[Result "1-0"]
[WhiteTitle "GM"]
[BlackTitle "GM"]
[WhiteElo "2678"]
[BlackElo "2443"]
[WhiteFideId "4189302"]
[BlackFideId "4154720"]
[EventDate "2015.01.31"]

1. d4 d5 2. c4 e6 3. Nc3 Nf6 4. Nf3 Be7 5. Bf4 Ne4 6. Qb3 Nxc3 7. Qxc3 c6 8. e3
Nd7 9. Be2 Nf6 10. O-O O-O 11. h3 a6 12. c5 Ne4 13. Qc2 Bd7 14. b4 Be8 15. Bd3
f5 16. a4 g5 17. Bh2 h5 18. Ne5 Nf6 19. Qb2 Nd7 20. b5 axb5 21. axb5 Rxa1 22.
Rxa1 Nxe5 23. Bxe5 Bf6 24. Bh2 cxb5 25. Bxb5 Rf7 26. Be2 g4 27. Ra7 Bc6 28. hxg4
hxg4 29. Bb5 Qe8 30. Bxc6 Qxc6 31. Qb6 Qc8 32. Qa5 Kg7 33. Ra8 Qd7 34. Bd6 Kh7
35. Qa7 Qb5 36. Qb8 Qb1+ 37. Kh2 Kg6 38. Qg8+ Rg7 39. Qe8+ Rf7 40. c6 g3+ 41.
Bxg3 Qd1 42. f3 Qc1 43. c7 Qxe3 44. c8=Q Qh6+ 45. Kg1 Bxd4+ 46. Bf2 Bxf2+ 47.
Kf1 1-0

[Event "Moscow Open A 2015"]
[Site "Moscow RUS"]
[Date "2015.02.08"]
[Round "9.19"]
[White "Fedoseev, Vladimir3"]
[Black "Pourramezanali, Amirreza"]
[Result "1-0"]
[WhiteTitle "GM"]
[BlackTitle "IM"]
[WhiteElo "2668"]
[BlackElo "2432"]
[WhiteFideId "24130737"]
[BlackFideId "12511412"]
[EventDate "2015.01.31"]

1. d4 d5 2. c4 c6 3. Nf3 Nf6 4. Nc3 e6 5. Bg5 h6 6. Bh4 dxc4 7. e4 b5 8. e5 g5
9. Nxg5 hxg5 10. Bxg5 Be7 11. exf6 Bxf6 12. Bxf6 Qxf6 13. g3 Qe7 14. Bg2 Bb7 15.
O-O Na6 16. b3 b4 17. Ne4 O-O-O 18. a3 c5 19. Nd2 Rxd4 20. Qe2 e5 21. Nxc4 e4
22. axb4 Kb8 23. Qe3 Qe6 24. Qf4+ Nc7 25. Ra5 Rd5 26. Bxe4 1-0

[Event "Moscow Open A 2015"]
[Site "Moscow RUS"]
[Date "2015.02.08"]
[Round "9.20"]
[White "Zakhartsov, Vladimir"]
[Black "Bukavshin, Ivan"]
[Result "0-1"]
[WhiteTitle "IM"]
[BlackTitle "GM"]
[WhiteElo "2421"]
[BlackElo "2622"]
[WhiteFideId "4145097"]
[BlackFideId "4199758"]
[EventDate "2015.01.31"]

1. e4 c5 2. Nf3 Nc6 3. Bb5 g6 4. O-O Bg7 5. Re1 e5 6. Bxc6 dxc6 7. d3 b6 8. h3
Ne7 9. Be3 h6 10. Qc1 g5 11. Nbd2 Ng6 12. Nf1 g4 13. hxg4 Bxg4 14. N1h2 Be6 15.
a3 Bf8 16. b4 cxb4 17. axb4 Bxb4 18. c3 Bd6 19. d4 Qc7 20. Nxe5 Nxe5 21. dxe5
Bxe5 22. Nf3 Bd6 23. Nd4 Rg8 24. e5 Bxe5 25. Nxe6 fxe6 26. Bxb6 Qg7 27. g3 Bxg3
28. Kf1 Be5 29. Qe3 Qg2+ 30. Ke2 Qg4+ 31. Kd3 Bf6 32. Ra4 Qf5+ 33. Kd2 Rb8 34.
Rf4 Qxf4 35. Qxf4 Bg5 36. Qxg5 Rxg5 37. Bxa7 Rb2+ 38. Kd3 Rd5+ 39. Kc4 Kf7 40.
Rh1 h5 41. Bd4 Rb8 42. f4 Rg8 43. Ra1 h4 44. Ra7+ Kg6 45. Re7 Kf5 46. Rh7 Kg4
47. Rh6 h3 48. Be5 Kg3 49. Bc7 Rf5 0-1

[Event "Moscow Open A 2015"]
[Site "Moscow RUS"]
[Date "2015.02.08"]
[Round "9.21"]
[White "Schroeder, Jan-Christian"]
[Black "Kazhgaleyev, Murtas"]
[Result "1-0"]
[WhiteTitle "FM"]
[BlackTitle "GM"]
[WhiteElo "2405"]
[BlackElo "2573"]
[WhiteFideId "24662259"]
[BlackFideId "13700316"]
[EventDate "2015.01.31"]

1. e4 c6 2. d4 d5 3. e5 c5 4. c4 cxd4 5. Nf3 Bg4 6. cxd5 Qxd5 7. Nc3 Qa5 8. Qxd4
Bxf3 9. gxf3 Nc6 10. Bb5 e6 11. Be3 Ne7 12. O-O-O Qc7 13. Kb1 a6 14. f4 Nf5 15.
Qa4 Be7 16. Rd3 O-O 17. Bxc6 bxc6 18. Rhd1 Rfd8 19. Rxd8+ Bxd8 20. Ne4 Be7 21.
Rc1 Qd8 22. Qxc6 Nxe3 23. fxe3 Qd3+ 24. Qc2 Qd8 25. Rd1 Qb6 26. Qc3 Rb8 27. Nd6
g6 28. Qd4 Qa5 29. Rc1 Kg7 30. Rc3 h5 31. a3 Bh4 32. Ka2 Be1 33. Rc5 Qb6 34. b4
Qd8 35. Rc2 Qe7 36. Qc4 h4 37. h3 Qf8 38. Qe2 Bxb4 39. axb4 Rxb4 40. Rb2 Qb8 41.
Qd2 Rxb2+ 42. Qxb2 Qc7 43. Ne8+ 1-0

[Event "Moscow Open A 2015"]
[Site "Moscow RUS"]
[Date "2015.02.08"]
[Round "9.22"]
[White "Gabrielian, Artur"]
[Black "Nikologorskiy, Konstantin"]
[Result "1-0"]
[WhiteTitle "GM"]
[BlackTitle "FM"]
[WhiteElo "2554"]
[BlackElo "2414"]
[WhiteFideId "4131002"]
[BlackFideId "24111708"]
[EventDate "2015.01.31"]

1. e4 c5 2. c3 Nf6 3. e5 Nd5 4. Bc4 Nb6 5. Bb3 c4 6. Bc2 Nc6 7. Nf3 d6 8. exd6
Qxd6 9. O-O Bg4 10. h3 Bh5 11. Re1 e6 12. b3 Be7 13. Na3 cxb3 14. axb3 O-O 15.
d4 Nd5 16. Bd2 Rac8 17. Be4 Rfd8 18. Qe2 Bg6 19. Nc4 Qb8 20. Bxg6 hxg6 21. Nce5
Nxe5 22. Nxe5 Qd6 23. Rxa7 Bf6 24. c4 Ne7 25. Rxb7 Qxd4 26. Bb4 Bxe5 27. Bxe7
Rd7 28. Rxd7 Qxd7 29. Qxe5 Qxe7 30. Qc3 Qc5 31. Rd1 e5 32. b4 Qe7 33. c5 e4 34.
c6 1-0

[Event "Moscow Open A 2015"]
[Site "Moscow RUS"]
[Date "2015.02.08"]
[Round "9.23"]
[White "Ibragimov, Ildar"]
[Black "Kezin, Roman"]
[Result "1/2-1/2"]
[WhiteTitle "GM"]
[BlackTitle "FM"]
[WhiteElo "2548"]
[BlackElo "2408"]
[WhiteFideId "4102878"]
[BlackFideId "24124621"]
[EventDate "2015.01.31"]

1. d4 d5 2. c4 e6 3. Nc3 c6 4. Nf3 Nf6 5. e3 Nbd7 6. Qc2 Bd6 7. b3 O-O 8. Be2 e5
9. cxd5 cxd5 10. Nb5 Bb4+ 11. Bd2 Bxd2+ 12. Nxd2 a6 13. dxe5 axb5 14. exf6 Nxf6
15. Bxb5 Qa5 16. Bd3 Bg4 17. h3 Rfc8 18. Qb2 Rc3 19. b4 Qc7 20. hxg4 Rxd3 21.
Rc1 Qd7 22. g5 Ne4 23. Nxe4 dxe4 24. O-O Qf5 25. Rc5 Rd5 26. Qc2 Qxg5 27. Rc8+
Rd8 28. Rxa8 Rxa8 29. Qxe4 Qb5 30. Rc1 h6 31. Rc7 Rd8 32. Rxb7 Qe2 33. Qf5 Qxa2
34. Rc7 g6 35. Qf6 Ra8 36. e4 Qa1+ 37. Qxa1 Rxa1+ 38. Kh2 Kg7 39. b5 Rb1 40. Rb7
Rb2 41. f3 h5 42. Kh3 Rb3 43. Kh4 Kh6 44. Rc7 f5 45. exf5 Rxb5 1/2-1/2

[Event "Moscow Open A 2015"]
[Site "Moscow RUS"]
[Date "2015.02.08"]
[Round "9.24"]
[White "Appolonov, Sergey"]
[Black "Kryakvin, Dmitry"]
[Result "0-1"]
[WhiteTitle "IM"]
[BlackTitle "GM"]
[WhiteElo "2370"]
[BlackElo "2548"]
[WhiteFideId "4116291"]
[BlackFideId "4153278"]
[EventDate "2015.01.31"]

1. Nf3 Nf6 2. g3 c5 3. Bg2 g6 4. c4 Bg7 5. Nc3 O-O 6. d4 cxd4 7. Nxd4 Nc6 8. O-O
Qa5 9. Nb3 Qh5 10. c5 a5 11. Na4 d6 12. Nb6 Bh3 13. Nxa8 Rxa8 14. cxd6 a4 15.
Nd2 Ng4 16. Nf3 exd6 17. Re1 Ra5 18. Bh1 a3 19. Rb1 Rb5 20. b3 Rd5 21. Qc2 Rf5
22. Qe4 Nce5 23. Bxa3 d5 24. Qa4 h6 25. Rbc1 Kh7 26. Rc7 d4 27. Bd6 Rxf3 28.
Bxe5 Nxe5 29. Qe8 Rc3 30. Rc1 Qxe2 31. Qc8 Nd3 0-1

[Event "Moscow Open A 2015"]
[Site "Moscow RUS"]
[Date "2015.02.08"]
[Round "9.25"]
[White "Atabayev, Maksat"]
[Black "Lugovskoy, Maxim"]
[Result "0-1"]
[WhiteTitle "IM"]
[BlackTitle "IM"]
[WhiteElo "2496"]
[BlackElo "2401"]
[WhiteFideId "14001101"]
[BlackFideId "24126454"]
[EventDate "2015.01.31"]

1. e4 e6 2. d4 d5 3. Nc3 Bb4 4. e5 c5 5. a3 Bxc3+ 6. bxc3 Ne7 7. h4 b6 8. Bb5+
Bd7 9. Bd3 c4 10. Be2 Ba4 11. h5 h6 12. Nh3 Kd7 13. Nf4 Qg8 14. Bg4 Qh7 15. Ra2
Na6 16. Be3 Nc7 17. Kd2 Kc6 18. Bh3 Kb7 19. Qb1 a5 20. Rb2 Nc8 21. Rg1 Ka6 22.
g4 Nb5 23. Bf1 Nca7 24. Be2 Rab8 25. Qa2 Qg8 26. Qa1 Qf8 27. Ra2 Qe7 28. Ng2 g6
29. hxg6 fxg6 30. Nf4 Rbg8 31. Rh1 Nc7 32. Qf1 Nab5 33. Qc1 Ka7 34. Ra1 Qe8 35.
Qb2 Nxc3 36. Bf3 N7b5 37. Ke1 Rf8 38. Bg2 g5 39. Nh5 Qg6 40. Rc1 Rf7 41. f3 Rhf8
42. Rh3 Ka6 43. Bg1 Rc8 44. Be3 Qg8 45. Qa1 Qf8 46. Bd2 Ne4 47. Be3 Nec3 48. Bd2
Nxd4 49. Qxc3 Nb5 50. Qa1 Qc5 51. Kf1 c3 52. Be1 Nd4 53. Bf2 Bb5+ 54. Ke1 Qc4
55. Ng3 Nxf3+ 56. Bxf3 Rxf3 57. a4 Bxa4 58. Qb1 Bb5 59. Qb3 Rcf8 60. Qxc4 Bxc4
61. Rh2 Rxg3 62. Rb1 Rg1+ 0-1

[Event "Moscow Open A 2015"]
[Site "Moscow RUS"]
[Date "2015.02.08"]
[Round "9.26"]
[White "Khegay, Dmitriy"]
[Black "Pavlov, Sergey2"]
[Result "1/2-1/2"]
[WhiteTitle "FM"]
[BlackTitle "IM"]
[WhiteElo "2370"]
[BlackElo "2493"]
[WhiteFideId "24153729"]
[BlackFideId "14114330"]
[EventDate "2015.01.31"]

1. d4 Nf6 2. c4 e6 3. Nc3 Bb4 4. Qc2 O-O 5. Nf3 c5 6. dxc5 Na6 7. g3 Nxc5 8. Bg2
Nce4 9. O-O Nxc3 10. bxc3 Be7 11. e4 d6 12. e5 dxe5 13. Nxe5 Qc7 14. Qe2 Bd6 15.
Bf4 Ne8 16. c5 Qxc5 17. c4 f6 18. Nd3 Qc7 19. Rab1 e5 20. c5 Be7 21. Bd2 Rb8 22.
Nb4 Bxc5 23. Rfc1 b6 24. Nc6 Rb7 25. Na5 Rb8 26. Nc6 Rb7 27. Na5 Rb8 28. Nc6 Rb7 1/2-1/2

[Event "Moscow Open A 2015"]
[Site "Moscow RUS"]
[Date "2015.02.08"]
[Round "9.27"]
[White "Matinian, Nikita"]
[Black "Sharafiev, Azat"]
[Result "1/2-1/2"]
[WhiteTitle "IM"]
[BlackTitle "IM"]
[WhiteElo "2475"]
[BlackElo "2395"]
[WhiteFideId "24129100"]
[BlackFideId "4186214"]
[EventDate "2015.01.31"]

1. e4 e5 2. Nf3 Nc6 3. Bb5 Nf6 4. O-O Nxe4 5. d4 Nd6 6. Bxc6 dxc6 7. dxe5 Nf5 8.
Qxd8+ Kxd8 9. h3 Bd7 10. Nc3 h6 11. b3 b6 12. Bb2 Kc8 13. Rad1 Ne7 14. Rfe1 c5
15. Ne2 Ng6 16. c4 a5 17. a4 Be6 18. Nd2 h5 19. Ne4 Be7 20. N2c3 Kb7 21. Nd5
Rad8 22. Nxe7 Nxe7 23. Ng5 Nc6 24. f4 Rxd1 25. Rxd1 Rf8 26. Kf2 Bf5 27. Rd2 Kc8
28. Kf3 Rd8 29. Rxd8+ Nxd8 30. Ne4 Bg6 31. Ke3 Kd7 1/2-1/2

[Event "Moscow Open A 2015"]
[Site "Moscow RUS"]
[Date "2015.02.08"]
[Round "9.28"]
[White "Sanzhaev, Darsen"]
[Black "Wan, Yunguo"]
[Result "1/2-1/2"]
[WhiteTitle "FM"]
[BlackTitle "IM"]
[WhiteElo "2357"]
[BlackElo "2472"]
[WhiteFideId "24120030"]
[BlackFideId "8603189"]
[EventDate "2015.01.31"]

1. d4 Nf6 2. c4 g6 3. Nc3 Bg7 4. e4 d6 5. Nf3 O-O 6. Be2 e5 7. O-O Na6 8. Be3 c6
9. Qc2 Qe7 10. c5 dxc5 11. dxe5 Ng4 12. Bg5 Qc7 13. Bxa6 bxa6 14. Na4 Nxe5 15.
Nxe5 Bxe5 16. f4 Bd4+ 17. Kh1 Rb8 18. Rad1 Re8 19. f5 Rb5 20. b3 Qe5 21. Qd2 f6
22. Bh4 Qxe4 23. Bxf6 Qe3 24. Rfe1 Qxd2 25. Rxe8+ Kf7 26. Rxd2 Kxe8 27. Bxd4
cxd4 28. fxg6 hxg6 29. Rxd4 Re5 30. h3 Re1+ 31. Kh2 Re2 32. Rd6 Bf5 33. Nc5 Rxa2
34. Rxc6 Rc2 35. b4 Rc4 36. g4 Bb1 37. Rxa6 Rxb4 38. Rxa7 Rc4 39. Ne6 Rc6 40.
Nf4 g5 41. Nd5 Kf8 42. Ra3 1/2-1/2

[Event "Moscow Open A 2015"]
[Site "Moscow RUS"]
[Date "2015.02.08"]
[Round "9.29"]
[White "Zaitsev, Alexander"]
[Black "Sadovsky, Artem"]
[Result "0-1"]
[WhiteTitle "IM"]
[WhiteElo "2472"]
[BlackElo "2362"]
[WhiteFideId "4164490"]
[BlackFideId "4155840"]
[EventDate "2015.01.31"]

1. e4 g6 2. d4 Bg7 3. Nc3 c6 4. h3 d5 5. Nf3 dxe4 6. Nxe4 Nd7 7. Bd3 Ngf6 8. Qe2
O-O 9. O-O Qc7 10. Re1 Nd5 11. Bc4 e5 12. Bxd5 cxd5 13. Nc3 exd4 14. Nb5 Qc4 15.
Bf4 d3 16. Qd2 Qxb5 17. Bd6 dxc2 18. Rac1 Qa6 19. Bxf8 Nxf8 20. Re8 Qb5 21. Qe1
Qxb2 22. Qd2 Qb5 23. Qe1 d4 24. Rxc2 Bf5 25. Rxa8 Bxc2 26. Qe7 d3 27. Rd8 Qb1+
28. Kh2 Qxa2 29. h4 Qa5 30. g4 Bd1 0-1

[Event "Moscow Open A 2015"]
[Site "Moscow RUS"]
[Date "2015.02.08"]
[Round "9.30"]
[White "Chekhov, Sergei"]
[Black "Bublei, Pavel"]
[Result "1-0"]
[WhiteTitle "IM"]
[BlackTitle "FM"]
[WhiteElo "2470"]
[BlackElo "2354"]
[WhiteFideId "4195639"]
[BlackFideId "24112593"]
[EventDate "2015.01.31"]

1. e4 c6 2. d4 d5 3. exd5 cxd5 4. c4 Nf6 5. Nc3 Nc6 6. Bg5 Be6 7. Nf3 h6 8. Bxf6
exf6 9. a3 Be7 10. Be2 O-O 11. O-O a6 12. Rc1 Rc8 13. Re1 Re8 14. b4 Bf8 15. h3
Ne7 16. c5 h5 17. Na4 g6 18. Nb6 Rb8 19. b5 axb5 20. Bxb5 Nc6 21. a4 Qc7 22. a5
Red8 23. Qa4 Na7 24. Bd3 Bh6 25. Ra1 Kg7 26. Qc2 Re8 27. a6 bxa6 28. Rxa6 Nc6
29. Qa4 Ne7 30. Ra7 Qd8 31. Bb5 Rg8 32. Bd7 1-0

[Event "Moscow Open A 2015"]
[Site "Moscow RUS"]
[Date "2015.02.08"]
[Round "9.31"]
[White "Mischuk, Dmitry"]
[Black "Yilmazyerli, Mert"]
[Result "0-1"]
[WhiteTitle "IM"]
[BlackTitle "IM"]
[WhiteElo "2323"]
[BlackElo "2465"]
[WhiteFideId "14118734"]
[BlackFideId "6305962"]
[EventDate "2015.01.31"]

1. d4 g6 2. c4 Bg7 3. Nc3 d6 4. e4 Nf6 5. Nf3 O-O 6. Be2 e5 7. d5 Na6 8. h3 Nc5
9. Qc2 a5 10. Bg5 c6 11. Nd2 Bd7 12. g4 Rc8 13. a3 cxd5 14. exd5 a4 15. O-O-O h6
16. Be3 b5 17. cxb5 Nxd5 18. Nxd5 Nb3+ 19. Nxb3 axb3 20. Qc3 Rxc3+ 21. Nxc3 Be6
22. Bf3 e4 23. Bxe4 d5 24. Nxd5 Qc8+ 25. Kb1 Bxd5 26. Rxd5 Qc4 27. f3 Re8 28.
Ka1 Rxe4 29. fxe4 Bxb2+ 0-1

[Event "Moscow Open A 2015"]
[Site "Moscow RUS"]
[Date "2015.02.08"]
[Round "9.32"]
[White "Mokshanov, Alexey"]
[Black "Oganisian, Roman"]
[Result "1-0"]
[WhiteTitle "IM"]
[BlackTitle "FM"]
[WhiteElo "2460"]
[BlackElo "2304"]
[WhiteFideId "24121657"]
[BlackFideId "4153006"]
[EventDate "2015.01.31"]

1. e4 c5 2. Nf3 a6 3. c3 g6 4. d4 cxd4 5. cxd4 Bg7 6. Nc3 d6 7. h3 Nf6 8. Bd3
O-O 9. O-O Nc6 10. Bg5 h6 11. Be3 d5 12. e5 Ne8 13. Qd2 Kh7 14. h4 Bf5 15. Bxf5
gxf5 16. Qd3 e6 17. g4 f6 18. Bf4 fxe5 19. dxe5 d4 20. Ne2 Nb4 21. Qb3 fxg4 22.
Nfxd4 Rxf4 23. Nxe6 Rf3 24. Qxb4 Qd3 25. Qxb7 Qxe2 26. Nxg7 Nxg7 27. Rae1 Qd2
28. Qxa8 Qxb2 29. Qe4+ 1-0

[Event "Moscow Open A 2015"]
[Site "Moscow RUS"]
[Date "2015.02.08"]
[Round "9.33"]
[White "Kanmazalp, Ogulcan"]
[Black "Drygalov, Andrey"]
[Result "1/2-1/2"]
[WhiteTitle "IM"]
[WhiteElo "2457"]
[BlackElo "2162"]
[WhiteFideId "6304990"]
[BlackFideId "24171735"]
[EventDate "2015.01.31"]

1. e4 c5 2. Nf3 e6 3. d4 cxd4 4. Nxd4 a6 5. c4 Nf6 6. Nc3 Qc7 7. Be2 Be7 8. O-O
O-O 9. Be3 d6 10. Qd2 b6 11. Rfc1 Bb7 12. f3 Nbd7 13. a4 Rab8 14. Bf1 Ba8 15.
Rc2 Rfe8 16. Qf2 Bf8 17. Rb1 Rbc8 18. b4 Bb7 19. a5 bxa5 20. b5 Nc5 21. bxa6
Bxa6 22. Ndb5 Bxb5 23. Nxb5 Qb7 24. Rd1 Qa6 25. Ra2 Nfd7 26. Qd2 a4 27. Nxd6
Bxd6 28. Qxd6 Qxd6 29. Rxd6 Rb8 30. Rc6 Rec8 31. Rxc8+ Rxc8 32. Kf2 Rb8 33. Be2
Rb1 34. Rd2 f6 35. Bxc5 Nxc5 36. Rd8+ Kf7 37. Ra8 Ra1 38. Ra7+ Kg6 39. Rc7 Nb3
40. c5 Rc1 41. c6 Nd4 42. Ra7 Rc2 43. Ke3 Nxe2 44. Kd3 Rxc6 45. Kxe2 Rc2+ 46.
Kf1 Ra2 47. Kg1 h5 48. h4 a3 49. Kh2 e5 50. Kg3 Ra1 51. Kh2 Kh6 52. Ra6 a2 53.
Kg3 g5 54. Rxf6+ Kg7 55. Ra6 gxh4+ 56. Kh2 Kf7 57. Ra8 Kf6 58. Ra5 Kg6 59. Ra6+
Kg5 60. Ra5 Kf4 61. Ra3 Kg5 1/2-1/2

[Event "Moscow Open A 2015"]
[Site "Moscow RUS"]
[Date "2015.02.08"]
[Round "9.34"]
[White "Lomasov, Semen"]
[Black "Matsenko, Sergei"]
[Result "0-1"]
[WhiteTitle "FM"]
[BlackTitle "IM"]
[WhiteElo "2305"]
[BlackElo "2489"]
[WhiteFideId "24164879"]
[BlackFideId "4170083"]
[EventDate "2015.01.31"]

1. e4 e6 2. d4 d5 3. Nd2 Nc6 4. Ngf3 Nf6 5. e5 Nd7 6. Be2 f6 7. exf6 Qxf6 8. Nf1
Bd6 9. Ne3 O-O 10. O-O Qg6 11. c4 Nf6 12. c5 Be7 13. Bb5 Bd7 14. a4 b6 15. cxb6
axb6 16. b3 Qe8 17. Bb2 Ne4 18. Rc1 Bd6 19. Nd2 Nxd2 20. Qxd2 Na5 21. Bxd7 Qxd7
22. Qc2 c5 23. Qd3 Rf7 24. Rc2 Nc6 25. Rcc1 Raf8 26. dxc5 bxc5 27. Ba3 Qe7 28.
h3 Ne5 29. Qc2 Qh4 30. Bxc5 Bxc5 31. Qxc5 Nd3 32. Qc2 Nxc1 33. g3 Qxh3 34. Qxc1
Rf6 35. Ng2 Rh6 36. Nh4 Rxh4 37. gxh4 Qg4+ 38. Kh2 Qxh4+ 39. Kg2 Qg4+ 40. Kh1
Rf3 41. Qc8+ Kf7 42. Qd7+ Kf6 43. Qd8+ Kg6 44. Qd6 Rh3+ 0-1

[Event "Moscow Open A 2015"]
[Site "Moscow RUS"]
[Date "2015.02.08"]
[Round "9.35"]
[White "Demchenko, Anton"]
[Black "Triapishko, Olexandr"]
[Result "1/2-1/2"]
[WhiteTitle "GM"]
[WhiteElo "2611"]
[BlackElo "2379"]
[WhiteFideId "4160258"]
[BlackFideId "14122286"]
[EventDate "2015.01.31"]

1. e4 e5 2. Nf3 Nc6 3. Bc4 Nf6 4. d3 Bc5 5. c3 d6 6. O-O a6 7. Bg5 h6 8. Bh4 g5
9. Bg3 Bg4 10. Nbd2 Qd7 11. a4 Nh5 12. Kh1 O-O 13. h3 Be6 14. Nh2 Nf6 15. b4 Ba7
16. b5 Ne7 17. bxa6 bxa6 18. Bxa6 Qc6 19. Bc4 Bxc4 20. Nxc4 Nxe4 21. Qh5 Nf6 22.
Qxh6 Nh7 23. Ng4 f6 24. Nd2 Qe8 25. Ne4 Qf7 26. h4 f5 27. Nxg5 Nxg5 28. Qxg5+
Qg7 29. Nxe5 Qxg5 30. hxg5 dxe5 31. Bxe5 Bb6 32. f4 Kf7 33. d4 Ng6 34. g4 Nxe5
35. fxe5 Kg6 36. gxf5+ Rxf5 37. Rxf5 Kxf5 38. Kg2 Ba5 39. Ra3 Ke4 40. Kg3 Kf5
41. Rb3 1/2-1/2